000
00226nam a22001217a 4500
041
_a
ENG
100
_a
Dogle J
245
_a
Rasaynik Khare
260
_a
Pune
_b
Pune
_c
1999
300
_a
232
650
_a
GAE
856
_u
GAE
999
_c
2573
_d
2573